| 000 | 00418cam a22001217a 4500 | ||
|---|---|---|---|
| 008 | 180718b1987 xxu||||| |||| 00| 0 eng d | ||
| 082 | _aPROJ.REP. 1987/PRA | ||
| 100 | _aPrasad, Kamta | ||
| 245 |
_aSocio-economic conditions of drought prone areas of Jammu and Kashmir _cby Kamta Prasad |
||
| 260 |
_aNew Delhi _bIndian Institute of Public Administration _c1987 |
||
| 300 | _a411p. | ||
| 440 | _aIIPA Working Paper, 1987: 3 | ||
| 999 |
_c492339 _d492339 |
||